00410cam a2200157ua 450000100060000000800390000602000150004504000090006004100080006908200130007724500820009025000120017226000390018430000100022365300190023310240171024n ii |||gr||||Z||||||asm a8186827943 cMAIN aasm a891.4513 aEksho bosoror asamiya upanyascEd. by Assamese Department, Gauhati University a2nd ed. aGuwahati:bJyoti prakashan,c2012. a718p. aAssamese novel